Les principes gnéraux de la morale et de la science

Sparad:
Bibliografiska uppgifter
Huvudupphovsman: Hubert, René y André Faviéres
Materialtyp: Bok
Språk:Undetermined
Publicerad: París, Francia Librairie Delalain 1927
Ämnen:
Taggar: Lägg till en tagg
Inga taggar, Lägg till första taggen!

MARC

LEADER 00000nam a2200000Ia 4500
008 170316s9999 xx 000 0 und d
090 |a 100 H-33p 
100 |a Hubert, René y André Faviéres 
245 |a Les principes gnéraux de la morale et de la science 
260 |a París, Francia 
260 |b Librairie Delalain 
260 |c 1927 
300 |a 574 páginas 
650 |a FILOSOFÍA 
650 |a ÉTICA 
999 |c 16513  |d 16513 
040 |a cru BVZT 
942 |c 15 D  |h 100 H-33p  |2 z